000 00818nam a22002777a 4500
001 BR8704189
003 BR-BrBNA
005 20230928092655.0
007 ta
008 230509b bl.||||| |||| 00| 0 por d
040 _aBR-BrBNA
_bpor
_cBiblioteca Nacional de Agricultura
041 _a(Por)
072 _aJ13; J14; J11
_b/G514
090 _ J13 BR8704189
110 1 _aCompanhia Brasileira de Armazenamento, Brasilia, DF (Brasil)
_92307
245 1 _aCadastro nacional de unidades armazenadoras, capacidade estatica, meio ambiente natural, total Brasil
260 3 _aBrasilia, DF (Brasil):
_c1976.
300 _a335 p.
500 _aNumerical data
650 _aARMAZENAMENTO
650 _aAGRICULTURA
650 _aPECUARIA
650 _aPESCA
909 _a202309
_bLucia
_c55
_dLucia Elande
942 _cBK
999 _c40530
_d40530